Výhľad na roky 2016 a 2017

Prehľad skutočností, ktoré treba brať do úvahy pri tvorbe výhľadu. Porovnanie prognózy na rok 2015 so skutočným vývojom. Očakávaný vývoj základných makroekonomických parametrov.

Gespeichert in:
Bibliographische Detailangaben
1. Verfasser: Morvay, Karol, 1973-
Format: Buchkapitel
Sprache:Slowakisch
Schlagworte:
Tags: Tag hinzufügen
Keine Tags, Fügen Sie das erste Tag hinzu!

MARC

LEADER 00000naa$a2200000$$$4500
001 0227655
005 20230228093609.9
041 0 |a slo 
044 |a SK 
245 1 0 |a Výhľad na roky 2016 a 2017  |c Karol Morvay 
520 |a Prehľad skutočností, ktoré treba brať do úvahy pri tvorbe výhľadu. Porovnanie prognózy na rok 2015 so skutočným vývojom. Očakávaný vývoj základných makroekonomických parametrov. 
610 2 0 |a vývoj hospodársky 
610 2 0 |a ukazovatele makroekonomické 
610 2 0 |a produkt domáci hrubý 
610 2 0 |a tržby 
610 2 0 |a vývoj cenový 
610 2 0 |a ukazovatele nefinančné 
610 2 0 |a prognózy 
610 2 0 |a prognózy krátkodobé 
610 2 0 |a Slovensko 
100 1 |a Morvay, Karol, 1973-